000 00827nam a2200241Ia 4500
003 OSt
005 20220923221638.0
006 a|||||r|||| 00| 0
007 ta
008 220922b |||||||| |||| 00| 0 hin d
024 _a198,978
037 _cTextual
040 _aARTS
_cARTS
_bhin
041 _2hin
_ahin
082 _aP152,9DCH, L3-;1-;3
100 _aशंकर शेष
245 0 _aछत्तीसगढ़ी का भाषा शास्त्रीय अध्ययन
246 _aChhattīsagaढ़ī kā bhāṣhā shāstrīya adhyayana
260 _aभोपाल
_b प्रदेश हिन्दी ग्रंथ अकादमी
_c1973
300 _a271
_ccm.
942 _hP152,9DCH, L3-;1-;3
_cTEXL
_2CC
999 _c350757
_d350757